00751nam a2200253 4500003000400000005001700004008004100021020001500062040001800077041000800095050002200103245006700125246003700192264006100229300003500290336002200325337002400347338002400371650001900395650002300414700002900437942001400466999001700480OSt20260601193839.0260504b2004 nyua|||| |||| 00| 0 eng d a0060536136 aICIbspacICI aspa aHD59.2 bA54 2004 0aAmerican Corporate Identity 2004 /cedited by David E. Carter 3aAmerican corporate identity 2004 aNew York, New York :bHarper Design International,c2003 a320 páginas :bilustraciones atexto2rdacontent asin medio2rdamedia avolumen2rdacarrier aArte comercial aImagen corporativa 1aCarter, David E.eeditor 2ddccBn1 c21380d21380